God's story : (Record no. 1772)

MARC details
000 -LEADER
fixed length control field 00798cam a2200253Ia 4500
001 - CONTROL NUMBER
control field 43079834
003 - CONTROL NUMBER IDENTIFIER
control field OCoLC
005 - DATE AND TIME OF LATEST TRANSACTION
control field 20180920175232.0
008 - FIXED-LENGTH DATA ELEMENTS--GENERAL INFORMATION
fixed length control field 991222s1999 tnu b 000 0 eng d
020 ## - INTERNATIONAL STANDARD BOOK NUMBER
International Standard Book Number 0913367060 (pbk.)
020 ## - INTERNATIONAL STANDARD BOOK NUMBER
International Standard Book Number 9780913367063 (pbk.)
035 ## - SYSTEM CONTROL NUMBER
System control number (OCoLC)43079834
040 ## - CATALOGING SOURCE
Original cataloging agency NOC
Transcribing agency NOC
Modifying agency OCLCG
-- FIN
050 #4 - LIBRARY OF CONGRESS CALL NUMBER
Classification number BS1235.4
Item number .L68 1999
082 #4 - DEWEY DECIMAL CLASSIFICATION NUMBER
Classification number 222.11
Item number L885G
100 1# - MAIN ENTRY--PERSONAL NAME
Personal name Lotz, Anne Graham,
Dates associated with a name 1948-
245 10 - TITLE STATEMENT
Title God's story :
Remainder of title finding meaning for your life through knowing God /
Statement of responsibility, etc. Anne Graham Lotz.
260 ## - PUBLICATION, DISTRIBUTION, ETC.
Place of publication, distribution, etc. Nashville :
Name of publisher, distributor, etc. Word Pub.,
Date of publication, distribution, etc. c1999.
300 ## - PHYSICAL DESCRIPTION
Extent xl, 292 p. ;
Dimensions 21 cm.
504 ## - BIBLIOGRAPHY, ETC. NOTE
Bibliography, etc. note Includes bibliographical references (p. [276]-292).
630 00 - SUBJECT ADDED ENTRY--UNIFORM TITLE
Uniform title Bible.
Name of part/section of a work Genesis, I-XI
Form subdivision Meditations.
650 #0 - SUBJECT ADDED ENTRY--TOPICAL TERM
Topical term or geographic name entry element Christian life
Form subdivision Meditations.
942 ## - ADDED ENTRY ELEMENTS (KOHA)
Source of classification or shelving scheme Dewey Decimal Classification
Koha item type Books

No items available.


OPAC Designed and Maintained by HMC Library Team.
Copyright © HMC Library,Greater Noida, UP.
For any Suggestions/Query Contact library via Email:libhmc@gmail.com